00353nam a2200133Ia 450000500170000000800410001702000150005808200130007310000190008624500210010526000360012630000130016250000440017520250701033300.0240331s9999 xx 000 0 und d a9559525441 bRAJa800 aRajakaruna,T.S 0aSakayi 1,11, 111 aPagodabNihal Rajakaruna Nayaka a163 p ., aSakai 2 - pluver translation - part ii